| 000 | 02008cam a22002054a 4500 | ||
|---|---|---|---|
| 005 | 20250605164330.0 | ||
| 008 | 250528s ||||||||||||||||||||||||d | ||
| 035 | _a23188 | ||
| 020 | _a9789602185377 | ||
| 040 |
_aGR-AtMCL _bgre _dGR-AtMCL _eAACR2 |
||
| 245 | 1 | _aLogistics και Διαχείριση Εφοδιαστικής Αλυσίδας | |
| 260 |
_bΚριτική, _c2006 |
||
| 300 | _a400 | ||
| 520 | _aΣτον πρακτικό αυτό οδηγό ο γνωστός καθηγητης Martin Christopher αναπτύσσει την ιδέα ενός συστήματος logistics προσανατολισμού στον πελάτη: Παρουσιάζει κατατοπιστικές πληροφορίες για τον έλεγχο των συστημάτων logistics και προτείνει τρόπους για μια αποτελεσματικότερη εφοδιαστική αλυσίδα. Πρόλογος, Logistics και η εφοδιαστική αλυσίδα και ανταγωνιστική στρατηγική, Logistics και Αξία Πελάτη, Μέτρηση του Κόστους και της Επίδοσης των Logistics, Δημιουργώντας μια Ευέλικτη Εφοδιαστική Αλυσίδα, Στρατηγική Διαχείριση Χρόνου Απόκρισης, Η Συγχρονισμένη Εφοδιαστική Αλυσίδα, Η Διαχείριση των Καναλιών Διανομής Παγκοσμίως, Διαχείριση Κινδύνου στην Εφοδιαστική Αλυσίδα, Υπέρβαση των Εμποδίων για την Ενοποίηση της Εφοδιαστικής Αλυσίδας, Η Είσοδος στην Εποχή του Ανταγωνισμού Δικτύων, Γλωσσάριο, Ευρετήριο Βασικών Όρων. | ||
| 700 | 1 |
_aChristopher Martin _91431 |
|
| 700 | 1 |
_aΛίτος Χαράλαμπος _98766 |
|
| 942 | _cBK | ||
| 999 |
_c8218 _d8218 |
||